| 000 | 00804nam a2200241 a 4500 | ||
|---|---|---|---|
| 008 | |||
| 020 | _a0861879171 (cased) | ||
| 049 | _aMAIN | ||
| 090 |
_aHD6971 _bDAN |
||
| 100 | 1 | _aDaniel, W.W. | |
| 245 | 1 | 0 |
_aWorkplace industrial relations and technical change / _cW.W. Daniel. |
| 260 |
_aLondon : _bFrances Pinter in association with Policy Studies Institute, _cc1987. |
||
| 300 |
_a312 p. ; _c23 cm. |
||
| 504 | _aIncludes bibliographical references. | ||
| 500 | _aIncludes index. | ||
| 650 | 0 |
_aIndustrial relations _xEffect of technological innovations on _zGreat Britain. |
|
| 710 | 2 | _aPolicy Studies Institute. | |
| 907 |
_a.b10037688 _b18-09-12 _c17-04-03 |
||
| 003 | |||
| 005 | 20230123133203.0 | ||
| 040 | _cNUST | ||
| 942 |
_cBOOKS _kHD6971 _mDAN |
||
| 999 |
_c144231 _d144231 |
||